|
|
|
|
| LEADER |
00000cam a2200000 a 4500 |
| 001 |
vtls001451189 |
| 003 |
SK-MaSNL |
| 005 |
20260425222434.0 |
| 008 |
240226s2002 xxkl grn 001 0 eng |
| 015 |
|
|
|a SNBZSA2003-00273
|
| 020 |
|
|
|a 0415236711
|
| 035 |
|
|
|a SNK000406486
|
| 035 |
|
|
|a urn:nbn:sk:snk-am3j1r0
|
| 035 |
|
|
|a 87B55730-DA53-4CBA-9484-6398B87A11C4
|
| 035 |
|
|
|a urn:nbn:sk:snk-am00gmdg
|
| 040 |
|
|
|a SNK
|b slo
|c SNK
|e AACR2
|
| 041 |
0 |
|
|a eng
|
| 043 |
|
|
|a ee-----
|
| 044 |
|
|
|a xxk
|c GB
|a xxu
|c US
|
| 072 |
|
7 |
|a 330.5338
|x Národné hospodárstvo a hospodárska politika
|2 konspekt
|
| 080 |
|
|
|a 338.24.021.8(4-191.2-11)=111
|2 1997
|
| 080 |
|
|
|a 338
|2 2011
|
| 080 |
|
|
|a (4‑11)
|2 2011
|
| 080 |
|
|
|a (048.8)
|2 2011
|
| 100 |
1 |
|
|a Jeffries, Ian,
|d 1942-
|4 aut
|9 301293
|
| 245 |
1 |
0 |
|a Eastern Europe at the turn of the twenty-first century
|b a guide to the economies in transition
|c Ian Jeffries
|
| 250 |
|
|
|a 1st ed.
|
| 260 |
|
|
|a London
|a New York
|b Routledge
|c 2002
|
| 300 |
|
|
|a xiii, 440 strán
|b tabuľky
|c 24 cm
|
| 490 |
1 |
|
|a Routledge studies of societies in transition
|v 19
|
| 504 |
|
|
|a Bibliografia na strane 416-431 ; register
|
| 648 |
|
7 |
|a 21. storočie
|2 SNKPH
|9 301294
|
| 650 |
0 |
7 |
|a ekonomická transformácia
|2 SNKPH
|9 4367
|
| 651 |
|
7 |
|a Európa východná
|2 SNKPHgeo
|9 167635
|
| 655 |
|
7 |
|a štúdie
|2 SNKPH
|9 57033
|
| 830 |
|
0 |
|a Routledge studies of societies in transition
|9 301295
|
| 919 |
|
|
|a 0-415-23671-1
|
| 958 |
|
|
|a ZS
|
| 958 |
|
|
|a NB
|
| 999 |
|
|
|c 557136
|d 559066
|
| 952 |
|
|
|t P60, <03>, [BOOK], {603}
|a SNK
|b SNK
|y PREZ
|7 0
|p 17A0403652
|o snkSC 113704
|i snkV 1136/2003
|8 2
|0 0
|1 0
|4 0
|d 2003-11-14
|f 1
|l 0
|r 2025-10-02 00:00:00
|w 2026-02-23
|